Óvodai élet a pandémia idején

2020-ban a világméretűvé nőtt koronavírus-járvány mindent felülírt és megváltoztatott. Hazánkban a veszélyhelyzet kihirdetése, a karantén bevezetése felforgatta életünket, így az óvodánk mindennapjait is. Olyan helyzeten kellett felülkerekedni, amilyenekben még soha nem volt részünk, nagyon gyorsan...

Teljes leírás

Elmentve itt :
Bibliográfiai részletek
Szerző: Timár Marietta
Dokumentumtípus: Cikk
Megjelent: Szegedi Tudományegyetem Juhász Gyula Pedagógusképző Kar Szeged 2021
Sorozat:Módszertani közlemények 61 No. 2
Kulcsszavak:Világjárvány, Óvodai nevelés - módszer, Óvodai nevelés - online, Pedagógia - digitális
Tárgyszavak:
Online Access:http://acta.bibl.u-szeged.hu/74832
LEADER 01877nab a2200217 i 4500
001 acta74832
005 20220331140610.0
008 220331s2021 hu o 0|| hun d
022 |a 2063-3734 
040 |a SZTE Egyetemi Kiadványok Repozitórium  |b hun 
041 |a hun 
100 1 |a Timár Marietta 
245 1 0 |a Óvodai élet a pandémia idején  |h [elektronikus dokumentum] /  |c  Timár Marietta 
260 |a Szegedi Tudományegyetem Juhász Gyula Pedagógusképző Kar  |b Szeged  |c 2021 
300 |a 125-133 
490 0 |a Módszertani közlemények  |v 61 No. 2 
520 3 |a 2020-ban a világméretűvé nőtt koronavírus-járvány mindent felülírt és megváltoztatott. Hazánkban a veszélyhelyzet kihirdetése, a karantén bevezetése felforgatta életünket, így az óvodánk mindennapjait is. Olyan helyzeten kellett felülkerekedni, amilyenekben még soha nem volt részünk, nagyon gyorsan kellett reagálni és alkalmazkodni. Írásom célja, hogy betekintést nyújtsak az olvasóknak, hogy intézményünkre, illetve az óvoda „szereplőinek” életére milyen hatást gyakorolt az elmúlt időszak. Témaválasztásom oka aktuális, hiszen napjainkban minden intézmény a járványhelyzet nehézségeivel küszködik. Tapasztalataink megosztása tanulságos lehet más gyakorlóóvodák számára is. Az első részben óvodavezetői „szemüvegen” keresztül, naplószerűen mutatom be az utóbbi egy év főbb eseményeit. A tanulmány második felében a kollégákkal, szülőkkel, óvodapedagógus-hallgatókkal és a gyermekekkel készített interjúkból ismertetek részleteket. 
650 4 |a Társadalomtudományok 
650 4 |a Oktatástudomány 
695 |a Világjárvány, Óvodai nevelés - módszer, Óvodai nevelés - online, Pedagógia - digitális 
856 4 0 |u http://acta.bibl.u-szeged.hu/74832/1/modszertani_061_002_125-133.pdf  |z Dokumentum-elérés